| 000 | 00444nam a2200157Ia 4500 | ||
|---|---|---|---|
| 008 | 160316s2000 xxu||||| |||| 00| 0 eng d | ||
| 082 |
_a320.800000 _bPIN |
||
| 100 | _aPinto Marina R | ||
| 245 | _aMetropolitan city governance in India | ||
| 250 | _a | ||
| 260 |
_aNew Delhi _bSage Publications _c2000 |
||
| 300 |
_a242p _b _c |
||
| 365 | _bRs.395 | ||
| 650 | _a1. Muncipal Corporations - India 2. Local Self Government - India | ||
| 700 |
_a _a |
||
| 999 |
_c15605 _d15605 |
||